000
00323nam a22001337a 4500
008
260216b ||||| |||| 00| 0 eng d
020
_a
9789951323970
041
_a
eng
080
_a
811.1801
100
_a
20.1
101
_a
romane
245
_a
Në Kërkim të pasaportës së vjedhur
_c
Krenar Zeneli
942
_2
lcc
_c
BK
999
_c
60800
_d
60800